An introduction to political communication

Zapisane w:
Opis bibliograficzny
1. autor: McNair Brian
Format: Książka
Język:angielski
Wydane: Routledge 2018
Etykiety: Dodaj etykietę
Nie ma etykietki, Dołącz pierwszą etykiete!

MARC

LEADER 00000nam a22000007a 4500
008 240809b |||||||| |||| 00| 0 eng d
020 |a 978041573942 
100 |a McNair Brian 
245 |a An introduction to political communication  |c Brian McNair  |e 'Communication and society"  |g xiv,251p.;ill 
250 |b 6th edition 
260 |b Routledge  |c 2018  |h London  |i 701227  |i 701228  |l JA85M23  |m Communication in politics 
500 |a It includes bibliography and index 
942 |a lcc  |c BK  |e Adeyemo O.O  |f 9/8/2024 
952 |0 0  |1 0  |2 lcc  |4 0  |6 JA0085 M23  |7 0  |9 5472  |a SSL  |b HOL  |c GJ  |d 2024-08-09  |l 0  |o JA85.M23  |p 2024-0713  |r 2024-08-09 00:00:00  |t 701227  |w 2024-08-09  |y BK 
952 |0 0  |1 0  |2 lcc  |4 0  |6 JA0085 M23  |7 0  |9 5473  |a HOL  |b HOL  |c GJ  |d 2024-08-09  |l 0  |o JA85.M23  |p 2024-0714  |r 2024-08-09 00:00:00  |t 701228  |w 2024-08-09  |y BK 
999 |c 2708  |d 2708